| 000 | 01275nam a2200325 a 4500 | ||
|---|---|---|---|
| 001 | ebr10015868 | ||
| 003 | CaPaEBR | ||
| 006 | m u | ||
| 007 | cr cn||||||||| | ||
| 008 | 970715s1997 dcu sb 000 0 eng d | ||
| 010 | _z 98109781 | ||
| 020 | _z0844770698 (pbk.) | ||
| 040 |
_aCaPaEBR _cCaPaEBR |
||
| 035 | _a(OCoLC)559726726 | ||
| 050 | 1 | 4 |
_aHJ5715.U6 _bG78 1997eb |
| 100 | 1 | _aGrubert, Harry. | |
| 245 | 1 | 0 |
_aTaxing consumption in a global economy _h[electronic resource] / _cHarry Grubert and T. Scott Newlon. |
| 260 |
_aWashington, D.C. : _bAEI Press, _cc1997. |
||
| 300 | _avi, 53 p. | ||
| 490 | 1 | _aAEI studies on tax reform | |
| 504 | _aIncludes bibliographical references (p. 49-52). | ||
| 533 |
_aElectronic reproduction. _bPalo Alto, Calif. : _cebrary, _d2013. _nAvailable via World Wide Web. _nAccess may be limited to ebrary affiliated libraries. |
||
| 650 | 0 |
_aTaxation of articles of consumption _zUnited States. |
|
| 650 | 0 |
_aTaxation _zUnited States. |
|
| 655 | 7 |
_aElectronic books. _2local |
|
| 700 | 1 | _aNewlon, Timothy Scott. | |
| 710 | 2 | _aebrary, Inc. | |
| 830 | 0 | _aAEI studies on tax reform. | |
| 856 | 4 | 0 |
_uhttp://site.ebrary.com/lib/rucke/Doc?id=10015868 _zAn electronic book accessible through the World Wide Web; click to view |
| 999 |
_c25766 _d25766 |
||